[Event "Mumbai Mayors Cup 1st"]
[Site "Mumbai"]
[Date "2008.05.13"]
[Round "4"]
[White "Shetty, Rahul"]
[Black "Ravindra, Salodkar"]
[Result "1/2-1/2"]
[WhiteElo "2313"]
[BlackElo "2013"]
[PlyCount "99"]
[EventDate "2008.05.11"]
[EventType "swiss"]
[EventRounds "11"]
[EventCountry "IND"]
[SourceTitle "CBM 124 Extra"]
[Source "ChessBase"]
[SourceDate "2008.07.03"]
[SourceVersion "1"]
[SourceVersionDate "2008.07.03"]
[SourceQuality "1"]

1. e4 c6 2. d4 d5 3. Nc3 dxe4 4. Nxe4 Bf5 5. Ng3 Bg6 6. h4 h6 7. Nf3 e6 8. Ne5 Bh7 9. c3 Nd7 10. f4 Be7 11. Qg4 g6 12. Bc4 Ngf6 13. Qe2 Nd5 14. h5 Nxe5 15. fxe5 Bh4 16. Qf3 gxh5 17. 0-0 Bg6 18. Nxh5 Qe7 19. Ng7+ Kd7 20. Nh5 Rag8 21. Nf4 Nxf4 22. Bxf4 Bg5 23. Rad1 Kc8 24. Rd2 Rh7 25. b4 Bxf4 26. Qxf4 Qg5 27. Rff2 Qxf4 28. Rxf4 Rhg7 29. Kh2 Bf5 30. Bf1 Rg4 31. Rxg4 Rxg4 32. g3 Re4 33. Re2 Rxe2+ 34. Bxe2 b6 35. Bf3 Kd7 36. Kg2 Bd3 37. Kf2 Bc4 38. a3 Bd5 39. Bh5 Ke7 40. Ke3 b5 41. Kf4 Kf8 42. Bd1 Kg7 43. a4 a6 44. Bc2 Kf8 45. a5 Kg7 46. Bd3 Kf8 47. g4 Kg8 48. g5 hxg5+ 49. Kxg5 Kg7 50. Be2 1/2-1/2